University by State Test - Whammies - Statistics

General Stats
  • This quiz has been taken 67 times
  • The average score is 33 of 50
Answers on the Map
Answers color-coded by a green-red scale on the quiz's map according to % correct below.
 
Answer Stats
Answer % Correct
Ohio State University
82%
University of New Mexico
82%
University of Michigan
78%
University of Oregon
78%
University of Chicago
76%
University of Florida
76%
University of Hawai'i
76%
University of South Dakota
76%
Arizona State University
73%
Georgia Institute of Technology
73%
University of Alaska Fairbanks
73%
University of Iowa
73%
University of Pennsylvania
73%
Ole Miss
71%
University of Arkansas
71%
University of Colorado Boulder
71%
University of Delaware
71%
University of Oklahoma
71%
University of Virginia
71%
University of Washington
71%
Boise State University
69%
Montana State University
69%
University of Kansas
69%
University of North Dakota
69%
Duke University
67%
Stanford University
67%
University of Minnesota Twin Cities
67%
University of Missouri
67%
University of Vermont
67%
University of Wyoming
67%
Reno
64%
University of Kentucky
64%
University of Wisconsin
64%
Baylor University
62%
Brigham Young University
62%
Vanderbilt University
62%
Harvard University
60%
Purdue University
60%
Auburn University
58%
Tulane University
58%
Clemson University
56%
Columbia University
53%
John Hopkins University
53%
Princeton University
53%
Yale University
53%
Dartmouth College
49%
Brown University
47%
Marshall University
47%
Creighton University
44%
Bowdoin College
36%
No matching quizzes found
Score Distribution
Percent of People with Each Score
Percentile by Number Answered
Your Score History
You have not taken this quiz